| 000 | 00803cam a2200253 i 4500 | ||
|---|---|---|---|
| 001 | 000002570 | ||
| 005 | 20200929150220.0 | ||
| 008 | 780928s1978 sp 000 p spa | ||
| 020 | _a847222354X | ||
| 040 |
_aDO-SdBNP _bspa _cBNPHU |
||
| 082 |
_aN861.08 _bC266a |
||
| 100 | 1 |
_aCardenal, Ernesto. _d1925- _98090 |
|
| 245 | 1 | 0 |
_aAntología / _cErnesto Cardenal ; prólogo José M. Vlverde. |
| 260 |
_aBarcelona : _bEditorial Laia, _c1978. |
||
| 300 |
_a280 p. ; _c19 cm. |
||
| 490 | 1 |
_aEdiciones de bolsillo _v532 |
|
| 490 | 1 | _aLiteratura | |
| 500 | _aPoemas | ||
| 650 | 4 |
_aPoesía nicaragüense _xColecciones _98091 |
|
| 650 | 4 |
_aLiteratura nicaragüense _xColecciones _98092 |
|
| 700 | 1 | 2 |
_aVlverde, José M. _epról. _98093 |
| 830 | 0 |
_aEdiciones de bolsillo ; _n532 _98094 |
|
| 830 | 0 |
_aLiteratura _98095 |
|
| 999 |
_c2406 _d2406 |
||